| 000 | 01674nam a2200433 c 4500 | ||
|---|---|---|---|
| 003 | BLK | ||
| 005 | 20241216125747.0 | ||
| 008 | 180408b bul|||||r ||||||| ||bul|| | ||
| 010 | _aKNG00055624000 | ||
| 020 |
_a978-954-704-037-3 _bиздат.: Оксиарт |
||
| 040 | _aBLK | ||
| 041 |
_aBUL _cBUL |
||
| 072 | 7 |
_2bullib _aН82 _xЛитературознание Н |
|
| 080 |
_aБългарска литература _b821.163.2 _x(092) _z821.163.2(092) |
||
| 080 |
_aБългарска литература _b821.163.2 _x.09 _z821.163.2.09 |
||
| 080 |
_aБиографии _b929 _x(497.2) _z929(497.2) |
||
| 100 | 1 |
_aДобрев, Чавдар Атанасов _963619 |
|
| 139 |
_aДобрев, Чавдар Атанасов _bД 66 |
||
| 245 | 1 | 0 |
_aНовата естетика _cЧавдар Атанасов Добрев. |
| 257 | _aBGR | ||
| 260 |
_аСофия _bОксиарт _c2009 |
||
| 300 |
_a480 с. _c21 см |
||
| 380 | _a82 | ||
| 500 | _aОфс. изд. | ||
| 650 | 4 |
_aБългарска литература - критика _9241969 |
|
| 650 | 0 |
_aПисатели, български - литературна критика _9246168 |
|
| 650 | 4 |
_aПоети, български - творчество _9250545 |
|
| 653 | _aбългарска литература | ||
| 653 | _aбългарски писатели | ||
| 653 | _aбългарски поети | ||
| 653 | _aлитературна критика | ||
| 659 | _aН | ||
| 852 | _aЦб 254291 | ||
| 856 | 4 |
_qpdf _u |
|
| 856 | 4 |
_qpdf _u |
|
| 942 |
_cKNG _n0 |
||
| 944 |
_aCR _c06.01.2012 _lГеновева Генчева _k30560 |
||
| 944 |
_aED _c17.02.2012 _lф / _k |
||
| 999 |
_c51710 _d51710 |
||